000 00463nam a2200181Ia 4500
003 GCL
008 140319s9999 xx 000 0 eng d
040 _aGCL /
_cGCL
082 0 4 _a963
_bM H
100 1 _aMARCUS, HAROLD
245 1 0 _aA HISTORY OF ETHIOPIA /
_cMARCUS, HAROLD
260 _a[S.N] :
_bUNIVERSITY OF CALIFORNIA PRESS ،
_c1994
300 _aLONDON
650 0 4 _aHISTORY
650 0 4 _aETHIOPIA
650 0 4 _aETHIOPIA - HISTORY
942 _2ddc
_cBK
999 _c14002
_d14002